Campeones de la Supercopa de la UEFA - ¡Muerte súbita! - Estadísticas

Estadísticas generales
  • Esta prueba ha sido intentada 2.790 veces
    972 desde el último reinicio
  • La puntuación promedio es 7 de 26
Answers on the Grid
Answers color-coded by a green-red scale on the quiz's grid according to % correct below.
A. C. Milan
A. F. C. Ajax
Aberdeen F. C.
Arsenal F. C.
Aston Villa F. C.
Atalanta B. C.
Atlético de Madrid
B. V. Borussia
Chelsea F. C.
Eintracht Frankfurt
F. C. Barcelona
F. C. Bayern
F. C. Internazionale
F. C. Porto
F. C. Steaua Bucureşti
F. K. Crvena Zevzda
F. K. Dynamo Kyiv
F. K. Estrella Roja
F. K. Shaktar Donetsk
F. K. Zenit
Feyenoord Rotterdam
Galatasaray S. K.
Hamburger S. V.
Juventus F. C.
K. V. Mechelen
Liverpool F. C.
Manchester City F. C.
Manchester United F. C.
Nottingham Forest F. C.
P. F. K. CSKA Moskvá
P. S. V. Eindhoven
París Saint-Germain F. C.
Parma F. C.
R. S. C. Anderlecht
Real Madrid C. F.
Real Zaragoza
S. S. Lazio
S. V. Werder Bremen
Sevilla F. C.
U. C. Sampdoria
Valencia C. F.
Villarreal C. F.
 
Estadísticas de respuestas
Respuesta % Correcto
Real Madrid C. F.
60%
F. C. Barcelona
56%
F. C. Bayern
51%
Manchester United F. C.
50%
A. C. Milan
49%
Liverpool F. C.
49%
Manchester City F. C.
49%
Atlético de Madrid
46%
Chelsea F. C.
43%
Juventus F. C.
43%
París Saint-Germain F. C.
41%
Sevilla F. C.
37%
A. F. C. Ajax
28%
F. C. Porto
23%
Valencia C. F.
15%
Nottingham Forest F. C.
10%
Galatasaray S. K.
9%
Aston Villa F. C.
8%
F. K. Zenit
5%
Parma F. C.
5%
S. S. Lazio
5%
F. C. Steaua Bucureşti
3%
F. K. Dynamo Kyiv
3%
R. S. C. Anderlecht
3%
Aberdeen F. C.
1%
K. V. Mechelen
1%
No se encontraron pruebas coincidentes
Distribución de puntuación
Porcentaje de gente con cada puntuación
Porcentaje por número respondido
Historial de tus puntuaciones
No has intentado esta prueba desde el último reinicio